[Event "Chigorin Memorial"]
[Site "St Petersburg"]
[Date "2016.10.23"]
[Round "9.1"]
[White "Alekseenko, Kirill"]
[Black "Lu, Shanglei"]
[Result "1-0"]
[WhiteElo "2554"]
[BlackElo "2615"]
[PlyCount "123"]
[EventDate "2016.10.15"]
[EventType "swiss"]
[EventRounds "9"]
[EventCountry "RUS"]
[WhiteClock "0:08:21"]
[BlackClock "0:00:31"]

1. e4 c5 2. Nf3 d6 3. d4 cxd4 4. Nxd4 Nf6 5. Nc3 a6 6. Nb3 Nbd7 7. a4 b6 8. g4
h6 9. Bg2 Ne5 10. h3 g5 11. f4 gxf4 12. Bxf4 e6 13. Qe2 Bb7 14. O-O Nfd7 15.
Rad1 Be7 16. Nd4 h5 17. gxh5 Qc7 18. Nf3 Nc4 19. Bc1 Rxh5 20. Rd4 Na5 21. Kh1
Nc6 22. Rc4 O-O-O 23. Nd4 Rc5 24. Rxc5 dxc5 25. Nxc6 Qxc6 26. Rxf7 Bf6 27. Bf4
c4 28. Qh5 Rh8 29. Qg6 Bd4 30. Rh7 Rd8 31. Bg5 Ne5 32. Qf6 Re8 33. Rh8 Qd7 34.
Bf4 Nf3 35. Rxe8+ Qxe8 36. Qh6 Ne1 37. Qh7 e5 38. Bg3 Nxc2 39. Nd5 Kb8 40. Qc7+
Ka7 41. Qxc4 Ne3 42. Nxe3 Bxe3 43. Kh2 Bd4 44. b3 Qg6 45. Qc7 Qg5 46. h4 Bg1+
47. Kh3 Qf6 48. h5 Qe6+ 49. Kh4 Qf6+ 50. Kg4 Qe6+ 51. Kg5 Bd4 52. Qg7 Bc5 53.
Bxe5 Ka8 54. h6 Bc8 55. Kf4 Qxb3 56. Bd4 Bb4 57. Be3 Bc3 58. Qc7 Bb7 59. h7 Qb2
60. Qd8+ Ka7 61. a5 Be5+ 62. Kf5 1-0

[Event "Chigorin Memorial"]
[Site "St Petersburg"]
[Date "2016.10.23"]
[Round "9.2"]
[White "Sjugirov, Sanan"]
[Black "Abdusattorov, Nodirbek"]
[Result "1/2-1/2"]
[WhiteElo "2660"]
[BlackElo "2395"]
[PlyCount "179"]
[EventDate "2016.10.15"]
[EventType "swiss"]
[EventRounds "9"]
[EventCountry "RUS"]
[WhiteClock "0:00:46"]
[BlackClock "0:06:35"]

1. d4 Nf6 2. c4 e6 3. Nc3 Bb4 4. Qc2 d5 5. cxd5 exd5 6. Bg5 h6 7. Bh4 O-O 8. e3
c5 9. dxc5 Be6 10. Nf3 Nc6 11. Be2 Bxc5 12. O-O Be7 13. Rfd1 Rc8 14. Qd3 Qb6
15. a3 Rfd8 16. b4 a6 17. Rac1 Qa7 18. h3 Rd7 19. Bg3 Rdd8 20. Ne5 Bd6 21. Nxc6
Rxc6 22. Bxd6 Rcxd6 23. Na4 Bd7 24. Nc5 Bb5 25. Qc2 b6 26. Nb3 Ba4 27. Qb2 b5
28. Rd4 Bxb3 29. Qxb3 Qe7 30. Bf3 Qe6 31. Rcd1 R6d7 32. Qd3 Rc8 33. Bxd5 Rxd5
34. Rxd5 Nxd5 35. Qxd5 Qxd5 36. Rxd5 Rc3 37. a4 bxa4 38. Ra5 a3 39. Rxa6 Rb3
40. b5 h5 41. h4 g6 42. g3 Rxb5 43. Rxa3 Rb2 44. Kg2 Kg7 45. Kf3 Rc2 46. e4 Rb2
47. Ke3 Rc2 48. Rd3 Ra2 49. Rd2 Ra1 50. Kf4 Ra5 51. Rd5 Ra2 52. f3 Rf2 53. Rd7
Rf1 54. e5 Re1 55. Re7 Kf8 56. Ra7 Kg7 57. Ra2 Rf1 58. Re2 Rg1 59. Re3 Rg2 60.
Re1 Rf2 61. Rd1 Re2 62. Rd3 Re1 63. Rd2 Rf1 64. Ke3 Rg1 65. Kf2 Ra1 66. f4 Ra3
67. Re2 Rb3 68. Re3 Rb1 69. Kf3 Rb4 70. Rd3 Ra4 71. Ke3 Rb4 72. Rd7 Kf8 73. Rd4
Rb3+ 74. Rd3 Rb4 75. Ra3 Kg7 76. Kd3 Kf8 77. Ke2 Kg7 78. Kf3 Rc4 79. g4 hxg4+
80. Kxg4 Rc1 81. Rg3 f6 82. e6 Kh6 83. Re3 f5+ 84. Kf3 Rc8 85. Re5 Re8 86. Ke3
Kg7 87. Kd4 Kf6 88. Kd5 Rd8+ 89. Kc5 Ke7 90. Re1 1/2-1/2

[Event "Chigorin Memorial"]
[Site "St Petersburg"]
[Date "2016.10.23"]
[Round "9.4"]
[White "Romanov, Evgeny"]
[Black "Eliseev, Urii"]
[Result "1-0"]
[WhiteElo "2619"]
[BlackElo "2606"]
[PlyCount "87"]
[EventDate "2016.10.15"]
[EventType "swiss"]
[EventRounds "9"]
[EventCountry "RUS"]
[WhiteClock "0:26:04"]
[BlackClock "0:30:48"]

1. d4 Nf6 2. c4 g6 3. Nc3 d5 4. Bg5 Bg7 5. Bxf6 Bxf6 6. cxd5 c5 7. dxc5 Nd7 8.
c6 Nc5 9. Rc1 bxc6 10. b4 Rb8 11. a3 O-O 12. e3 Bxc3+ 13. Rxc3 Ne4 14. Rxc6 a5
15. Qd4 axb4 16. axb4 Bb7 17. Qxe4 Bxc6 18. dxc6 Ra8 19. Bd3 Ra1+ 20. Bb1 Qb6
21. Ne2 Ra4 22. Qd4 Qxc6 23. Nc3 e5 24. Qd2 Qxg2 25. Qd5 e4 26. Qxe4 Qxe4 27.
Bxe4 Rxb4 28. Ke2 Kg7 29. Kf3 Re8 30. Bd5 Re5 31. h4 Rb2 32. e4 Rc2 33. Ne2 f5
34. Nd4 fxe4+ 35. Bxe4 Rc4 36. Ke3 Ra5 37. Rd1 Raa4 38. f3 Ra6 39. Nb5 Rf6 40.
Rd7+ Kh6 41. Nd6 Rc3+ 42. Kf2 Rc5 43. Kg3 Rh5 44. f4 1-0

[Event "Chigorin Memorial"]
[Site "St Petersburg"]
[Date "2016.10.23"]
[Round "9.5"]
[White "Ponkratov, Pavel"]
[Black "Volkov, Sergey"]
[Result "0-1"]
[WhiteElo "2589"]
[BlackElo "2609"]
[PlyCount "144"]
[EventDate "2016.10.15"]
[EventType "swiss"]
[EventRounds "9"]
[EventCountry "RUS"]
[WhiteClock "0:02:06"]
[BlackClock "0:00:59"]

1. c4 e5 2. Nc3 Bb4 3. Nd5 Bc5 4. Nf3 c6 5. Nc3 Qe7 6. d4 exd4 7. Nxd4 Nf6 8.
Bg5 d6 9. e3 O-O 10. Be2 Re8 11. O-O Nbd7 12. Qc2 Nf8 13. Bd3 Qe5 14. Nf3 Qe6
15. Rad1 Ng6 16. Rd2 Ng4 17. Ne4 Bb4 18. Rdd1 h6 19. Qa4 c5 20. Bf4 Bd7 21. Qc2
Nxf4 22. exf4 f5 23. Ng3 g6 24. h3 Nf6 25. Nh4 Qf7 26. Bxf5 gxf5 27. Ngxf5 Bxf5
28. Nxf5 Qf8 29. Nxd6 Re6 30. Qg6+ Qg7 31. Qf5 Qe7 32. Qg6+ Qg7 33. Qf5 Qe7 34.
Nxb7 Rb6 35. a3 Qh7 36. Qxh7+ Kxh7 37. axb4 Rxb7 38. b5 Re8 39. Rd6 Rb6 40.
Rfd1 Re2 41. b3 Rb2 42. R6d3 h5 43. Ra1 Rb7 44. Ra6 Rf7 45. Re3 h4 46. f5 Rb1+
47. Kh2 Rb2 48. Rf3 Kh6 49. Rc6 Kg5 50. g3 hxg3+ 51. Rxg3+ Kf4 52. Kg2 Rxf2+
53. Kxf2 Ne4+ 54. Ke2 Nxg3+ 55. Kd3 Ne4 56. Kc2 Ke3 57. f6 Kd4 58. Kb2 Nxf6 59.
Rd6+ Ke3 60. b4 Ne4 61. Rd8 cxb4 62. Kb3 Rf1 63. Kxb4 Rb1+ 64. Ka3 Nc5 65. Rd5
Nd3 66. Ka2 Rb4 67. Ka3 Rxc4 68. Rd7 Rc3+ 69. Ka2 Kd2 70. Rxa7 Kc2 71. b6 Nb4+
72. Ka1 Kc1 0-1

[Event "Chigorin Memorial"]
[Site "St Petersburg"]
[Date "2016.10.23"]
[Round "9.6"]
[White "Artemiev, Vladislav"]
[Black "Paravyan, David"]
[Result "1-0"]
[WhiteElo "2663"]
[BlackElo "2528"]
[PlyCount "67"]
[EventDate "2016.10.15"]
[EventType "swiss"]
[EventRounds "9"]
[EventCountry "RUS"]
[WhiteClock "0:04:07"]
[BlackClock "0:08:09"]

1. d4 Nf6 2. Nf3 g6 3. Bg5 Bg7 4. Nbd2 d5 5. e3 O-O 6. Be2 c5 7. c3 Qb6 8. Qb3
h6 9. Bf4 Nbd7 10. h3 Ne4 11. Qxb6 axb6 12. Bc7 Nd6 13. O-O Ne8 14. Bd8 Bf6 15.
Ne5 Bxe5 16. dxe5 Ng7 17. Bxe7 Re8 18. Bd6 Nxe5 19. Rfd1 Nf5 20. Bc7 d4 21.
Bxe5 Rxe5 22. Nf3 Re7 23. cxd4 cxd4 24. g4 Ng7 25. Rxd4 Be6 26. a3 Rd7 27. Rxd7
Bxd7 28. Ne5 Be6 29. Rd1 Rc8 30. Bf3 Kh7 31. Nd7 h5 32. Bxb7 Rc2 33. Nf6+ Kh6
34. f4 1-0

[Event "Chigorin Memorial"]
[Site "St Petersburg"]
[Date "2016.10.23"]
[Round "9.7"]
[White "Alekseev, Evgeny"]
[Black "Yuffa, Daniil"]
[Result "1/2-1/2"]
[WhiteElo "2636"]
[BlackElo "2534"]
[PlyCount "58"]
[EventDate "2016.10.15"]
[EventType "swiss"]
[EventRounds "9"]
[EventCountry "RUS"]
[WhiteClock "0:11:45"]
[BlackClock "0:49:57"]

1. e4 c5 2. Nf3 Nc6 3. d4 cxd4 4. Nxd4 Nf6 5. Nc3 d6 6. Bg5 e6 7. Qd2 a6 8.
O-O-O Bd7 9. f4 Be7 10. Nf3 b5 11. Bxf6 gxf6 12. Kb1 Qb6 13. f5 Ne5 14. Nd4 h5
15. Qe1 Qb7 16. Qh4 Rc8 17. h3 b4 18. Nce2 Nc4 19. fxe6 fxe6 20. Nf4 e5 21. Ng6
Na3+ 22. bxa3 exd4 23. Bxa6 Qxa6 24. Nxh8 Qe2 25. Rd2 Qxd2 26. Qxh5+ Kd8 27.
Qa5+ Ke8 28. Qh5+ Kd8 29. Qa5+ Ke8 1/2-1/2

[Event "Chigorin Memorial"]
[Site "St Petersburg"]
[Date "2016.10.23"]
[Round "9.9"]
[White "Xu, Yinglun"]
[Black "Jumabayev, Rinat"]
[Result "0-1"]
[WhiteElo "2526"]
[BlackElo "2609"]
[PlyCount "76"]
[EventDate "2016.10.15"]
[EventType "swiss"]
[EventRounds "9"]
[EventCountry "RUS"]
[WhiteClock "0:00:31"]
[BlackClock "0:07:00"]

1. Nf3 Nf6 2. c4 g6 3. Nc3 d5 4. cxd5 Nxd5 5. d4 Bg7 6. e4 Nxc3 7. bxc3 c5 8.
Be3 Qa5 9. Nd2 cxd4 10. Nc4 Qd8 11. cxd4 O-O 12. Rb1 f5 13. exf5 Bxf5 14. Rxb7
Be4 15. Rb2 Nc6 16. f3 Bd5 17. Be2 Qd7 18. Qd3 Rac8 19. Qd2 Qe6 20. Rc2 Rfd8
21. Na3 Nb4 22. Rxc8 Rxc8 23. Kf2 Nxa2 24. Ra1 Nc3 25. Bd3 Qd6 26. Nc4 Bxc4 27.
Qxc3 Be6 28. Qa3 Qxh2 29. Qxe7 Bh3 30. Rg1 Rf8 31. Be4 Bf5 32. Bd5+ Kh8 33.
Qxa7 Bf6 34. Qc5 Re8 35. Qc3 Bh4+ 36. Kf1 Qg3 37. Be4 Rc8 38. Qa3 Qe1# 0-1

[Event "Chigorin Memorial"]
[Site "St Petersburg"]
[Date "2016.10.23"]
[Round "9.10"]
[White "Tran, Tuan Minh"]
[Black "Timofeev, Artyom"]
[Result "1/2-1/2"]
[WhiteElo "2468"]
[BlackElo "2601"]
[PlyCount "39"]
[EventDate "2016.10.15"]
[EventType "swiss"]
[EventRounds "9"]
[EventCountry "RUS"]
[WhiteClock "1:23:17"]
[BlackClock "1:11:19"]

1. d4 d5 2. c4 dxc4 3. Nf3 Nf6 4. e3 e6 5. Bxc4 c5 6. O-O a6 7. dxc5 Bxc5 8.
Qxd8+ Kxd8 9. Nbd2 Ke7 10. Nb3 Bd6 11. Bd2 b6 12. Rfd1 Bb7 13. Rac1 Nc6 14.
Nfd4 Nxd4 15. Nxd4 Rac8 16. Be2 Bc5 17. Nb3 Bd6 18. Nd4 Bc5 19. Nb3 Bd6 20. Nd4
1/2-1/2

[Event "Chigorin Memorial"]
[Site "St Petersburg"]
[Date "2016.10.23"]
[Round "9.11"]
[White "Gusain, Himal"]
[Black "Rozum, Ivan"]
[Result "1-0"]
[WhiteElo "2428"]
[BlackElo "2590"]
[PlyCount "55"]
[EventDate "2016.10.15"]
[EventType "swiss"]
[EventRounds "9"]
[EventCountry "RUS"]
[WhiteClock "0:06:38"]
[BlackClock "0:21:57"]

1. e4 c6 2. d4 d5 3. e5 Bf5 4. h4 Qb6 5. g4 Bd7 6. Nc3 e6 7. Na4 Qa5+ 8. c3 b5
9. Nc5 Bxc5 10. dxc5 b4 11. Qd4 bxc3 12. bxc3 Bc8 13. h5 h6 14. Nf3 Ba6 15. Be3
Ne7 16. a4 O-O 17. Bh3 Nd7 18. g5 hxg5 19. Nxg5 Kh8 20. h6 g6 21. Kd2 Rab8 22.
Rhb1 Rxb1 23. Rxb1 Bc4 24. Rb4 Qc7 25. Bxe6 Nxe5 26. Bxf7 Nf5 27. f4 Nxh6 28.
Rb7 1-0

[Event "Chigorin Memorial"]
[Site "St Petersburg"]
[Date "2016.10.23"]
[Round "9.12"]
[White "Sarana, Alexey"]
[Black "Pridorozhni, Aleksei"]
[Result "1-0"]
[WhiteElo "2427"]
[BlackElo "2579"]
[PlyCount "33"]
[EventDate "2016.10.15"]
[EventType "swiss"]
[EventRounds "9"]
[EventCountry "RUS"]
[WhiteClock "0:37:08"]
[BlackClock "0:47:22"]

1. e4 c5 2. Nf3 Nc6 3. d4 cxd4 4. Nxd4 Nf6 5. Nc3 g6 6. Nxc6 bxc6 7. e5 Ng8 8.
Bd3 Bg7 9. f4 f6 10. Qe2 Qb6 11. Bd2 Qxb2 12. O-O Qa3 13. Kh1 d5 14. exd6 f5
15. dxe7 Bxc3 16. Bc4 Nxe7 17. Rf3 1-0

[Event "Chigorin Memorial"]
[Site "St Petersburg"]
[Date "2016.10.23"]
[Round "9.13"]
[White "Arslanov, Shamil"]
[Black "Aleksandrov, Aleksej"]
[Result "1/2-1/2"]
[WhiteElo "2398"]
[BlackElo "2568"]
[PlyCount "80"]
[EventDate "2016.10.15"]
[EventType "swiss"]
[EventRounds "9"]
[EventCountry "RUS"]

1. d4 Nf6 2. c4 e6 3. g3 d5 4. Bg2 dxc4 5. Nf3 Nc6 6. Qa4 Bb4+ 7. Bd2 Nd5 8.
Qb5 Bxd2+ 9. Nbxd2 c3 10. bxc3 Nxc3 11. Qd3 Na4 12. O-O O-O 13. Rfc1 Qe7 14.
Rab1 Nb6 15. e3 Rb8 16. Ne1 e5 17. d5 Rd8 18. Qb3 a5 19. dxc6 Rxd2 20. Qc3 Rd6
21. cxb7 Bxb7 22. Qxc7 Qxc7 23. Rxc7 Bxg2 24. Kxg2 Ra8 25. Nd3 f6 26. Nc5 Nd5
27. Rcb7 Nc3 28. R1b3 Nxa2 29. Ra3 Rc6 30. Rxa2 Rxc5 31. Rd2 Kh8 32. Rdd7 Rg8
33. Ra7 h5 34. Rd6 Rgc8 35. Rdd7 Rg8 36. Rf7 Rcc8 37. Rxa5 Ra8 38. Rb5 Rab8 39.
Ra5 Ra8 40. Rb5 Rab8 1/2-1/2

[Event "Chigorin Memorial"]
[Site "St Petersburg"]
[Date "2016.10.23"]
[Round "9.14"]
[White "Khanin, Semen"]
[Black "Gordievsky, Dmitry"]
[Result "0-1"]
[WhiteElo "2397"]
[BlackElo "2555"]
[PlyCount "112"]
[EventDate "2016.10.15"]
[EventType "swiss"]
[EventRounds "9"]
[EventCountry "RUS"]

1. e4 c5 2. Nf3 e6 3. d4 cxd4 4. Nxd4 a6 5. Bd3 Nf6 6. O-O Qc7 7. Qe2 d6 8. c4
g6 9. Nc3 Bg7 10. Be3 O-O 11. Rfd1 b6 12. f3 Bb7 13. Rac1 Nbd7 14. Qf2 Rac8 15.
Bf1 Qb8 16. Nb3 Nc5 17. Bf4 Rfd8 18. Rc2 Nh5 19. Bg5 Re8 20. g4 Nf6 21. Bf4
Red8 22. Rcd2 Ne8 23. Qg3 Qc7 24. Bxd6 Nxd6 25. Rxd6 Nd7 26. f4 Bf8 27. R6d2
Nc5 28. Nxc5 Bxc5+ 29. Kh1 Rxd2 30. Rxd2 Bb4 31. Qe3 Bd6 32. Ne2 Bc5 33. Qd3
Bb4 34. Rd1 Qxc4 35. Ng3 Qc7 36. a3 Bf8 37. Qd2 Be7 38. Bd3 Rd8 39. Qe3 Bf6 40.
Rb1 Bd4 41. Qd2 b5 42. Kg2 Qb6 43. Qe2 Be3 44. Kf3 Bc5 45. Rd1 Rd4 46. g5 Qd8
47. Qc2 Bb6 48. Be2 e5 49. fxe5 Rxd1 50. Bxd1 Qxg5 51. Qc3 h5 52. Qd3 h4 53. e6
hxg3 54. exf7+ Kxf7 55. Qd7+ Qe7 56. Bb3+ Kf8 0-1

[Event "Chigorin Memorial"]
[Site "St Petersburg"]
[Date "2016.10.23"]
[Round "9.15"]
[White "Sunilduth Lyna, Narayanan"]
[Black "Gogolev, Artem"]
[Result "1/2-1/2"]
[WhiteElo "2536"]
[BlackElo "2287"]
[PlyCount "110"]
[EventDate "2016.10.15"]
[EventType "swiss"]
[EventRounds "9"]
[EventCountry "RUS"]

1. e4 e5 2. Nf3 Nc6 3. Nc3 Nf6 4. Bb5 Bb4 5. O-O O-O 6. d3 d6 7. Ne2 Ne7 8. c3
Ba5 9. Ng3 c6 10. Ba4 Ng6 11. d4 d5 12. Nxe5 Nxe5 13. dxe5 Nxe4 14. Nxe4 dxe4
15. Bf4 Bf5 16. Re1 Bc7 17. Qxd8 Raxd8 18. Bc2 Rfe8 19. Bxe4 Bxe4 20. Rxe4 f6
21. Rb4 Bxe5 22. Be3 b6 23. a4 Rd5 24. g3 Bd6 25. Rc4 Bc5 26. Bxc5 bxc5 27. Kf1
Rd2 28. Re1 Rxe1+ 29. Kxe1 Rxb2 30. Rxc5 Ra2 31. a5 Kf7 32. c4 g5 33. h3 h6 34.
g4 Ke7 35. Rxc6 Rxa5 36. Rc7+ Ke6 37. Rh7 Ra4 38. c5 a5 39. Ra7 Ra3 40. Ra6+
Ke7 41. Ra7+ Ke6 42. Ra6+ Ke7 43. c6 Rxh3 44. Rxa5 Rc3 45. Ra6 Kd6 46. c7+ Kxc7
47. Rxf6 Rc6 48. Rf5 Kd6 49. f3 Ke6 50. Kf2 Ra6 51. Kg3 Ke7 52. f4 Ra3+ 53. Kf2
Ra4 54. fxg5 Rxg4 55. gxh6 Rh4 1/2-1/2

[Event "Chigorin Memorial"]
[Site "St Petersburg"]
[Date "2016.10.23"]
[Round "9.16"]
[White "Fier, Alexandr"]
[Black "Iljin, Timofey"]
[Result "1/2-1/2"]
[WhiteElo "2614"]
[BlackElo "2279"]
[PlyCount "82"]
[EventDate "2016.10.15"]
[EventType "swiss"]
[EventRounds "9"]
[EventCountry "RUS"]

1. e4 c5 2. Nf3 Nc6 3. Nc3 e5 4. Bc4 Be7 5. d3 Nf6 6. Nd2 d6 7. Nf1 Bg4 8. f3
Be6 9. Ne3 a6 10. a4 Nb4 11. Qe2 O-O 12. O-O Re8 13. a5 Bf8 14. Bxe6 fxe6 15.
Nc4 d5 16. Nb6 Rb8 17. Bg5 Qd6 18. f4 Nd7 19. fxe5 Nxe5 20. Bf4 Rbd8 21. Rae1
Nbc6 22. exd5 exd5 23. Nbxd5 c4 24. Kh1 cxd3 25. cxd3 Qd7 26. Qd1 Ng6 27. Bc7
Rxe1 28. Rxe1 Re8 29. Re4 Rxe4 30. dxe4 Nge5 31. Bb6 Qf7 32. Qe2 Bd6 33. h3 h6
34. Nd1 Qg6 35. Kg1 Qg3 36. N1e3 Kh7 37. Nf5 Nf3+ 38. Kf1 Nh2+ 39. Kg1 Nf3+ 40.
Kf1 Nh2+ 41. Kg1 Nf3+ 1/2-1/2

[Event "Chigorin Memorial"]
[Site "St Petersburg"]
[Date "2016.10.23"]
[Round "9.17"]
[White "Kovalev, Vladislav"]
[Black "Usmanov, Vasily"]
[Result "1/2-1/2"]
[WhiteElo "2609"]
[BlackElo "2431"]
[PlyCount "93"]
[EventDate "2016.10.15"]
[EventType "swiss"]
[EventRounds "9"]
[EventCountry "RUS"]

1. d4 Nf6 2. Nf3 e6 3. Bf4 c5 4. e3 Nc6 5. Nbd2 d5 6. c3 Be7 7. Bd3 O-O 8. Ne5
Nd7 9. h4 f6 10. Qh5 f5 11. Nxd7 Bxd7 12. Qe2 c4 13. Bc2 b5 14. a3 a5 15. Nf3
b4 16. g4 b3 17. Bb1 Ra7 18. Ne5 Nxe5 19. Bxe5 Bc8 20. g5 Bd6 21. Bxd6 Qxd6 22.
f4 Bd7 23. h5 Be8 24. Kd2 Kf7 25. Qh2 Ke7 26. Qg3 Kd8 27. Qh2 Kc7 28. Qg3 Kb6
29. Qh2 Raf7 30. Qg3 Rh8 31. Qh2 Rff8 32. Qe2 Bf7 33. Qf3 Qd7 34. Rh2 Qe8 35.
Rh3 Rfg8 36. Rh2 a4 37. Rh3 Qe7 38. Rh2 Be8 39. Qg3 Bc6 40. Qf2 Rd8 41. Qg3
Rhf8 42. Qf2 Kb7 43. Qg3 Rf7 44. Qf2 Rd7 45. Qg3 Qd8 46. Rh4 Rf8 47. Rh2
1/2-1/2

[Event "Chigorin Memorial"]
[Site "St Petersburg"]
[Date "2016.10.23"]
[Round "9.18"]
[White "Bok, Benjamin"]
[Black "Yanchenko, Roman"]
[Result "1-0"]
[WhiteElo "2594"]
[BlackElo "2419"]
[PlyCount "39"]
[EventDate "2016.10.15"]
[EventType "swiss"]
[EventRounds "9"]
[EventCountry "RUS"]

1. d4 Nf6 2. c4 e6 3. Nf3 d5 4. Nc3 c6 5. e3 Bd6 6. Bd3 Nbd7 7. O-O O-O 8. e4
dxe4 9. Nxe4 Nxe4 10. Bxe4 h6 11. b3 e5 12. Bc2 exd4 13. Qxd4 Bc5 14. Qf4 Re8
15. Bb2 Re2 16. Nd4 g5 17. Qf5 Bxd4 18. Qh7+ Kf8 19. Bxd4 Rxc2 20. Rfe1 1-0

[Event "Chigorin Memorial"]
[Site "St Petersburg"]
[Date "2016.10.23"]
[Round "9.19"]
[White "Huzman, Alexander"]
[Black "Nguyen, Piotr"]
[Result "1-0"]
[WhiteElo "2577"]
[BlackElo "2418"]
[PlyCount "61"]
[EventDate "2016.10.15"]
[EventType "swiss"]
[EventRounds "9"]
[EventCountry "RUS"]

1. Nf3 f5 2. g3 Nf6 3. Bg2 g6 4. O-O Bg7 5. c4 O-O 6. d4 d6 7. Nc3 Qe8 8. b3
Na6 9. Ba3 h6 10. Qd3 g5 11. e4 fxe4 12. Nxe4 Qh5 13. Rae1 Bf5 14. Nxf6+ Rxf6
15. Qe3 Bh3 16. d5 Raf8 17. Bxh3 Qxh3 18. Nd4 g4 19. Ne6 Rf3 20. Qe4 R8f7 21.
Nxg7 Kxg7 22. Bb2+ Kf8 23. Qe6 Kg8 24. Qc8+ Rf8 25. Qd7 R3f7 26. Rxe7 Nc5 27.
Rxf7 Nxd7 28. Rg7+ Kh8 29. Rxd7+ Kg8 30. Rg7+ Kh8 31. Rxc7+ 1-0

[Event "Chigorin Memorial"]
[Site "St Petersburg"]
[Date "2016.10.23"]
[Round "9.20"]
[White "Ofitserian, Boris"]
[Black "Fedorov, Alexei"]
[Result "0-1"]
[WhiteElo "2351"]
[BlackElo "2567"]
[PlyCount "74"]
[EventDate "2016.10.15"]
[EventType "swiss"]
[EventRounds "9"]
[EventCountry "RUS"]

1. d4 Nf6 2. c4 c5 3. d5 e5 4. Nc3 d6 5. e4 Be7 6. h3 Nbd7 7. Nf3 Nf8 8. Bd3
Ng6 9. g3 O-O 10. Be3 Bd7 11. Nd2 Qc8 12. Bf1 Bd8 13. Qc2 Ba5 14. O-O-O Ne8 15.
h4 f5 16. exf5 Bxf5 17. Bd3 Bxc3 18. Qxc3 Nf6 19. h5 Ne7 20. h6 g6 21. Bg5 b5
22. f4 b4 23. Qc2 exf4 24. gxf4 Qd7 25. Rde1 Rae8 26. Nf3 Bxd3 27. Qxd3 Nf5 28.
Rxe8 Qxe8 29. Re1 Qa4 30. Kb1 Ng4 31. Re6 Re8 32. b3 Qd7 33. Qe2 Nge3 34. Rxe8+
Qxe8 35. Nd2 Nd4 36. Qd3 Nd1 37. Bf6 Qe1 0-1

[Event "Chigorin Memorial"]
[Site "St Petersburg"]
[Date "2016.10.23"]
[Round "9.21"]
[White "Stupak, Kirill"]
[Black "Duzhakov, Ilya"]
[Result "1-0"]
[WhiteElo "2564"]
[BlackElo "2411"]
[PlyCount "75"]
[EventDate "2016.10.15"]
[EventType "swiss"]
[EventRounds "9"]
[EventCountry "RUS"]

1. d4 Nf6 2. c4 e6 3. g3 c5 4. Nf3 cxd4 5. Nxd4 Qc7 6. Nc3 a6 7. Bg2 Qxc4 8.
Bf4 Nc6 9. Nb3 d5 10. a3 a5 11. Rc1 Qa6 12. O-O Be7 13. a4 O-O 14. Nb5 Qb6 15.
Bc7 Qa6 16. Bf4 Qb6 17. Bc7 Qa6 18. Nc5 Bxc5 19. Rxc5 Bd7 20. Bd6 Rfc8 21. Nc7
Qa7 22. Nxa8 Ne8 23. Rb5 Qxa8 24. Bf4 Nb4 25. Rb6 Bc6 26. Be5 Qa7 27. Qd4 Ra8
28. Qc5 Bxa4 29. Bd4 Nf6 30. Rc1 Be8 31. Qe7 Nc6 32. Rbxc6 Qxd4 33. Rc8 Rxc8
34. Rxc8 Qa4 35. b3 Qb5 36. Bf1 h5 37. e4 Qb6 38. e5 1-0

[Event "Chigorin Memorial"]
[Site "St Petersburg"]
[Date "2016.10.23"]
[Round "9.22"]
[White "Kazakovskiy, Valeriy"]
[Black "Burmakin, Vladimir"]
[Result "1/2-1/2"]
[WhiteElo "2399"]
[BlackElo "2545"]
[PlyCount "85"]
[EventDate "2016.10.15"]
[EventType "swiss"]
[EventRounds "9"]
[EventCountry "RUS"]

1. d4 Nf6 2. Nf3 c6 3. c4 d5 4. Qc2 g6 5. Bf4 Bf5 6. Qb3 Qb6 7. c5 Qxb3 8. axb3
Nbd7 9. Nc3 a6 10. b4 Rc8 11. h3 h6 12. e3 Bg7 13. Nd2 g5 14. Bh2 Nh7 15. Nb3
e5 16. O-O-O Bg6 17. Na5 Rc7 18. dxe5 Kd8 19. e6 fxe6 20. Bxc7+ Kxc7 21. Bd3
Bf7 22. f4 Nhf6 23. Nb3 e5 24. fxe5 Nxe5 25. Nd4 Nxd3+ 26. Rxd3 Bg6 27. Rdd1
Re8 28. Kd2 Nd7 29. Rhf1 h5 30. Nf5 Be5 31. Ra1 h4 32. Nd4 Bg7 33. Nf5 Be5 34.
Nd4 Bg7 35. Rg1 Ne5 36. b3 g4 37. Rgf1 Bh6 38. Rae1 Bg5 39. hxg4 Nxg4 40. Nd1
Re4 41. Nf3 Bf6 42. Nh2 Be5 43. Nf3 1/2-1/2

[Event "Chigorin Memorial"]
[Site "St Petersburg"]
[Date "2016.10.23"]
[Round "9.23"]
[White "Moiseenko, Vadim"]
[Black "Sadovsky, Artem"]
[Result "0-1"]
[WhiteElo "2528"]
[BlackElo "2414"]
[PlyCount "80"]
[EventDate "2016.10.15"]
[EventType "swiss"]
[EventRounds "9"]
[EventCountry "RUS"]

1. d4 g6 2. c4 Bg7 3. Nc3 d6 4. Nf3 e5 5. g3 exd4 6. Nxd4 Ne7 7. Bg2 Nbc6 8.
Nxc6 Nxc6 9. Bd2 O-O 10. O-O Bf5 11. Rc1 Ne5 12. b3 Qc8 13. Nd5 Re8 14. Bg5 h6
15. Bf6 Bh3 16. c5 Bxg2 17. Kxg2 Bf8 18. Qd2 dxc5 19. Rxc5 Qf5 20. Rxc7 Ng4 21.
Ne7+ Bxe7 22. Bxe7 Qe4+ 23. f3 Ne3+ 24. Kf2 Nxf1 25. Kxf1 Qe5 26. Qd7 b6 27. e4
Qa1+ 28. Kg2 Qxa2+ 29. Kh3 Qxb3 30. f4 Qe6+ 31. Qxe6 fxe6 32. Bf6 a5 33. Kg4 a4
34. h4 Ra5 35. e5 Rea8 36. h5 R5a7 37. Rc1 Kf7 38. hxg6+ Kxg6 39. Rc6 h5+ 40.
Kf3 Kf5 0-1

[Event "Chigorin Memorial"]
[Site "St Petersburg"]
[Date "2016.10.23"]
[Round "9.24"]
[White "Gabrielian, Artur"]
[Black "Palachev, Petr"]
[Result "1/2-1/2"]
[WhiteElo "2524"]
[BlackElo "2408"]
[PlyCount "112"]
[EventDate "2016.10.15"]
[EventType "swiss"]
[EventRounds "9"]
[EventCountry "RUS"]

1. e4 e6 2. d4 d5 3. Nc3 Nf6 4. e5 Nfd7 5. f4 c5 6. Nf3 Be7 7. Be3 b6 8. Qd2
Nc6 9. Be2 O-O 10. g3 cxd4 11. Nxd4 Nxd4 12. Bxd4 Bb7 13. Rf1 Nb8 14. Be3 Nc6
15. Nb5 Rc8 16. c3 Qd7 17. Nd4 Nxd4 18. Bxd4 Bc6 19. O-O-O Bb5 20. g4 Bxe2 21.
Qxe2 f5 22. exf6 Bxf6 23. Rfe1 Rc6 24. h3 b5 25. Kb1 a6 26. a3 Bh4 27. Rf1 Bf6
28. Bg1 Rd8 29. Rf3 Qf7 30. Bh2 Qd7 31. Rfd3 Qf7 32. Qf3 Rcd6 33. Qe2 Rc6 34.
Qg2 Rc4 35. f5 exf5 36. gxf5 Qh5 37. Rxd5 Re8 38. Ka2 Rh4 39. R1d3 Rhe4 40. Rd2
Re3 41. Bg1 Rxh3 42. Bd4 Bxd4 43. f6 Qf7 44. R2xd4 Rh5 45. fxg7 Rxd5 46. Rxd5
Rd8 47. c4 Rxd5 48. cxd5 Qxg7 49. Qe4 Qd7 50. Qe5 Kf7 51. Kb3 Qg4 52. Qc7+ Ke8
53. Qb8+ Kd7 54. Qb7+ Kd8 55. Qb6+ Kd7 56. Qb7+ Kd8 1/2-1/2

[Event "Chigorin Memorial"]
[Site "St Petersburg"]
[Date "2016.10.23"]
[Round "9.25"]
[White "Yatzenko, Anton"]
[Black "Lintchevski, Daniil"]
[Result "0-1"]
[WhiteElo "2339"]
[BlackElo "2522"]
[PlyCount "90"]
[EventDate "2016.10.15"]
[EventType "swiss"]
[EventRounds "9"]
[EventCountry "RUS"]

1. d4 d5 2. Nf3 Nf6 3. Bf4 c5 4. e3 Nc6 5. c3 Qb6 6. Qb3 c4 7. Qc2 Bf5 8. Qc1
h6 9. h3 e6 10. Nbd2 Be7 11. Be2 O-O 12. O-O Qd8 13. Ne5 Nxe5 14. dxe5 Ne4 15.
Nf3 Bh7 16. Nd4 Qb6 17. f3 Nc5 18. e4 dxe4 19. Bxc4 Nd3 20. Bxd3 exd3 21. Qd2
Rad8 22. Be3 Qa5 23. f4 Qd5 24. Rae1 Rfe8 25. a3 b5 26. g4 a5 27. f5 exf5 28.
gxf5 Qxe5 29. Bf4 Qc5 30. Re5 Qc8 31. Qxd3 Bc5 32. Qxb5 Rxe5 33. Bxe5 f6 34.
Bg3 Bxf5 35. Kh2 Bxh3 36. Re1 Bg4 37. Nb3 Bf8 38. Qxa5 Bf3 39. Qc7 Qa8 40. Nd4
Bd5 41. Bf4 Re8 42. Rg1 Re7 43. Qb6 Rb7 44. Qxf6 Rxb2+ 45. Kh3 Bg2+ 0-1